Statistiques concernant Les featurings de Guy2Bezbar

Cliquez ici pour prendre le quiz!

Statistiques générales

  • Ce quiz a été pris 48 fois
  • Le résultat moyen est 17 sur 68

Statistiques - réponses

DépartementArtisteSons% Correct
75LetoLa Calle 4 (2021), Trop frais (2022), Jusqu'aux étoiles (2022), Fais de l'argent (2022), Sugar Daddy (2022)
97%
91NiskaAh non c'est terrible (2018), De bon matin (2021)
92%
BELHamzaFendi love (2021), Mastic (2021), Spaghetti (2021)
87%
13JulLe classico organisé (2021)
87%
91Koba LaDTue ça (2021), Le classico organisé (2021), Barrio (2022), HENNY BU (2023)
87%
92SDMTue ça (2021), Tchapalo (2022), DIS-MOI (2023)
82%
93GazoSpaghetti (2021), Le classico organisé (2021)
77%
13SCHLe classico organisé (2021)
77%
92PLKLe classico organisé (2021)
69%
13NapsLe classico organisé (2021)
67%
77RKIndiana (2022)
62%
91BolémvnÇa canarde (2021)
59%
80JosmanPOP (2022), HELLO (2023)
56%
13KofsLe classico organisé (2021)
51%
13Soso ManessLe classico organisé (2021)
51%
BELGreen MontanaMPIAKA (2022)
49%
59ZKRBaltimore (2021)
49%
95Favé+ de sous (2023)
44%
91MigIndiana (2022)
38%
93Freeze CorleoneTPM (2020)
36%
UnknownJEY BROWNIEWeek-end (2023), HELLO (2023)
36%
13TaycNana (2021)
36%
94ChilyC'est normal (2019), Dans ça (2022), Pump L Up (2022), Faut bosser (2022)
33%
93MayoNight (2019), Space Mountain (2021), C'est puissant (2021), Coca (2021)
33%
94RskoC'est puissant (2021)
28%
93DinosHarlem (2022)
18%
94LacrimStrike (2017)
18%
75LefaP.F.P. (2021)
18%
77NegritoHéhé (2022)
18%
Unknown404Billy77% (2021)
13%
UnknownALP3X (2022), MENACE EP.1 (2023)
13%
UnknownGenezioGÉ APPRIS (2023)
13%
243Fally IpupaSugar Daddy (2022)
10%
93Liim'sLevel (2021)
10%
UnknownLujipekaBBRY (2023)
10%
91MadraneAh non c'est terrible (2018)
10%
UnknownRapi SatiDix-huit (2021), P.F.P. (2021)
10%
93SadekFerre gamo (2017)
10%
242Serge IbakaRumba (2021)
10%
UnknownCoyote Jo BastardNous (2020)
8%
UnknownFLEM KGBWeek-end (2023)
8%
UnknownJunior BvndoÉtape sur étape (2017), Dix-huit (2021)
8%
UnknownLa FPar Mille (2021)
8%
75Barack AdamaParisien magicien (2016)
5%
13GrayaC'est réel (2017)
5%
UnknownJackmaboyDix-huit (2021), MENACE EP.1 (2023), EMPIRE (2023)
5%
UnknownOmzoLady Melodie (2017), Ferre gamo (2017), Ah non c'est terrible (2018)
5%
UnknownRoshiJe me lève, je me lave (2021)
5%
75SlkrackBadboy (2023)
5%
UnknownBlack DParisien magicien (2016)
3%
28DeelocMonica (2021)
3%
UnknownDjalitoWawa (2021)
3%
UnknownHache-PY'a De La Dope (2017)
3%
UnknownLe NineParisien magicien (2016)
3%
UnknownMegaskiDans ça (2022)
3%
UnknownNorsacce BerlusconiNo Cap (2022)
3%
13AM La ScampiaGangsta Luv (2022)
0%
UnknownArkaNight (2019)
0%
UnknownBabarrMillions (2017)
0%
UnknownCrakyMexico (2018)
0%
UnknownDAVINHORNeymar (2022)
0%
UnknownDriboLové (2021)
0%
UnknownGOULAGJaune et vert (2018), Mexico (2018), Ça flingue (2021)
0%
UnknownGuizmoÇa va c***r (2016)
0%
UnknownHdsGros billets (2016)
0%
UnknownLES FRERES BIZZYHasta La Muerte (2021)
0%
UnknownSam'sPopo (2021)
0%
UnknownTitaiFreestyle dans la mine (2018)
0%

Distribution des résultats

Percentile par nombre de réponses

% des personnes avec chaque résultat

Votre développement - résultats

Vous n’avez pas pris ce quiz